000 00942nam a2200217Ia 4500
003 OSt
005 20210728141822.0
008 210310s1944 ck gr 000 0 spa d
040 _aCO-JMCR
_cCO-JMCR
041 0 _aspa
082 0 4 _a332.1 /
_bC172i
_223
110 2 _aCámara de Representantes
_938838
245 1 3 _aLa institución bancaria colombiana /
_cCámara de Representantes
260 _aBogotá :
_bSantafe,
_c1944.
300 _a91 páginas ;
_c28 cm.
505 0 _aConsideraciones generales. -- La organización bancaria del país. -- La institución bancaria comercial. -- El banco agrícola hipotecario. -- La caja de crédito agrario, industrial y minero. -- Instituto de crédito. -- Unificación de bancos. -- Cooperativa agrícola de magdalena.
650 1 4 _aOrganización bancaria.
_zColombia
_938839
650 2 4 _aIndustria y minería
_zColombia
_938840
650 2 4 _aCrédito territorial
_938841
942 _2ddc
_cBK
999 _c12020
_d12020